000 00341nam a22001457a 4500
008 240206b ||||| |||| 00| 0 eng d
020 _a9781455584253
041 _aeng
080 _2FIRST EDITION SEPTEMBER 2014
_a37
082 _a37MAR
100 _a23
101 _aEDUKIM
245 _aTHE SMALL B!G
_cSTEVE J.MARTIN
942 _2udc
_cBK
999 _c60584
_d60584